Every Moon in Super Mario Odyssey - Statistics

General Stats
  • This quiz has been taken 18 times
  • The average score is 67 of 836
Answer Stats
% Correct
cascade 1 Our First Power Moon
75%
cap 3 Cap Kingdom Timer Challenge 1
67%
cascade 9 Cascade Kingdom Timer Challenge 1
67%
cascade 10 Cascade Kingdom Timer Challenge 2
67%
sand 28 Sand Kingdom Timer Challenge 1
67%
sand 29 Sand Kingdom Timer Challenge 2
67%
sand 30 Sand Kingdom Timer Challenge 3
67%
bowser's 17 Bowser's Kingdom Timer Challenge 1
58%
bowser's 53 Bowser's Kingdom Timer Challenge 2
58%
cap 28 Cap Kingdom Timer Challenge 2
58%
lake 10 Lake Kingdom Timer Challenge 1
58%
lake 11 Lake Kingdom Timer Challenge 2
58%
lost 31 Lost Kingdom Timer Challenge
58%
luncheon 18 Luncheon Kingdom Timer Challenge 1
58%
luncheon 20 Luncheon Kingdom Timer Challenge 3
58%
moon 7 Moon Kingdom Timer Challenge 1
58%
moon 31 Moon Kingdom Timer Challenge 2
58%
mushroom 9 Mushroom Kingdom Timer Challenge
58%
seaside 27 Seaside Kingdom Timer Challenge 1
58%
seaside 64 Seaside Kingdom Timer Challenge 3
58%
snow 13 Snow Kingdom Timer Challenge 1
58%
snow 14 Snow Kingdom Timer Challenge 2
58%
wooded 37 Wooded Kingdom Timer Challenge 1
58%
wooded 38 Wooded Kingdom Timer Challenge 2
58%
wooded 65 Wooded Kingdom Timer Challenge 3
58%
luncheon 19 Luncheon Kingdom Timer Challenge 2
50%
metro 19 Metro Kingdom Timer Challenge 1
50%
metro 20 Metro Kingdom Timer Challenge 2
50%
metro 71 Metro Kingdom Timer Challenge 3
50%
seaside 28 Seaside Kingdom Timer Challenge 2
50%
cap 2 Frog-Jumping from the Top Deck
42%
cap 5 Shopping in Bonneton
42%
snow 47 Snow Kingdom Timer Challenge 3
42%
cap 4 Good Evening, Captain Toad!
33%
mushroom 19 Jammin' in the Mushroom Kingdom
33%
mushroom 103 Jump! Jump! Jump!
33%
cascade 24 Shopping in Fossil Falls
33%
cap 22 Spin the Hat, Get a Prize
33%
cascade 4 Behind the Waterfall
25%
cap 29 Cap Kingdom Master Cup
25%
cap 15 Cap Kingdom Regular Cup
25%
cascade 36 Cascade Kingdom Master Cup
25%
cascade 22 Cascade Kingdom Regular Cup
25%
sand 43 Employees Only
25%
cap 17 Found with Cap Kingdom Art
25%
cap 1 Frog-Jumping Above the Fog
25%
cap 9 Hidden Among the Push-Blocks
25%
sand 64 Jammin' in the Sand Kingdom
25%
darker side 1 Long Journey's End
25%
sand 2 Moon Shards in the Sand
25%
mushroom 22 Mushroom Kingdom Master Cup
25%
mushroom 21 Mushroom Kingdom Regular Cup
25%
cascade 14 Nice Shot with the Chain Chomp!
25%
cap 16 Peach in the Cap Kingdom
25%
cascade 21 Peach in the Cascade KIngdom
25%
sand 69 Peach in the Sand Kingdom
25%
cap 8 Push-Block Peril
25%
sand 83 Sand Kingdom Master Cup
25%
sand 66 Sand Kingdom Regular Cup
25%
cap 10 Searching the Frog Pond
25%
sand 62 Secret Path to Tostarena!
25%
seaside 36 Shopping in Bubblaine
25%
lake 19 Shopping in Lake Lamode
25%
luncheon 25 Shopping in Mount Volbono
25%
metro 27 Shopping in New Donk City
25%
snow 21 Shopping in Shiveria
25%
sand 42 Shopping in Tostarena
25%
sand 52 A Rumble from the Sandy Floor
17%
sand 1 Atop the Highest Tower
17%
cascade 19 A Tourist in the Cascade Kingdom
17%
metro 7 A Traditional Festival!
17%
metro 4 Bassist on Board!
17%
mushroom 36 Battle in Bubblaine: Rematch
17%
bowser's 3 Big Broodal Battle
17%
sand 21 Bird Traveling the Desert
17%
sand 22 Bird Traveling the Wastes
17%
bowser's 58 Bowser's Kingdom Master Cup
17%
bowser's 41 Bowser's Kingdom Regular Cup
17%
lake 1 Broodals Over the Lake
17%
mushroom 91 Capturing Master
17%
mushroom 89 Capturing Novice
17%
bowser's 15 Caught Hopping at Bowser's Castle!
17%
wooded 8 Caught Hopping in the Forest!
17%
cascade 3 Chomp Through the Rocks
17%
metro 2 Drummer on Board!
17%
mushroom 104 Fly, Cappy, Fly!
17%
bowser's 45 Found with Bowser's Kingdom Art
17%
dark side 15 Found with Dark Side Art 1
17%
dark side 24 Found with Dark Side Art 10
17%
dark side 16 Found with Dark Side Art 2
17%
dark side 17 Found with Dark Side Art 3
17%
dark side 18 Found with Dark Side Art 4
17%
dark side 19 Found with Dark Side Art 5
17%
dark side 20 Found with Dark Side Art 6
17%
dark side 21 Found with Dark Side Art 7
17%
dark side 22 Found with Dark Side Art 8
17%
dark side 23 Found with Dark Side Art 9
17%
lake 27 Found with Lake Kingdom Art
17%
luncheon 49 Found with Luncheon Kingdom Art
17%
metro 53 Found with Metro Kingdom Art
17%
moon 27 Found with Moon Kingdom Art
17%
mushroom 41 Found with Mushroom Kingdom Art
17%
sand 63 Found with Sand Kingdom Art
17%
seaside 50 Found with Seaside Kingdom Art
17%
snow 34 Found with Snow Kingdom Art
17%
wooded 50 Found with Wooded Kingdom Art
17%
metro 60 Free Parking: Leap of Faith
17%
cascade 11 Good Morning, Captain Toad!
17%
metro 3 Guitarist on Board!
17%
sand 33 Herding Sheep in the Dunes
17%
snow 52 Iceburn Circuit Class A
17%
snow 53 Iceburn Circuit Class S
17%
wooded 70 I Met an Uproot!
17%
bowser's 40 I Met a Pokio!
17%
metro 58 Jammin' in the Metro Kingdom
17%
wooded 52 Jammin' in the Wooded Kingdom
17%
mushroom 83 Koopa Freerunning Hall of Famer
17%
mushroom 82 Koopa Freerunning MVP
17%
lake 40 Lake Kingdom Master Cup
17%
lake 32 Lake Kingdom Regular Cup
17%
mushroom 25 Light from the Ceiling
17%
lost 30 Lost Kingdom Master Cup
17%
sand 35 Love in the Heart of the Desert
17%
luncheon 62 Luncheon Kingdom: Master Cup
17%
luncheon 55 Luncheon Kingdom: Regular Cup
17%
metro 74 Metro Kingdom Master Cup
17%
metro 61 Metro Kingdom Regular Cup
17%
moon 33 Moon Kingdom Master Cup
17%
moon 22 Moon Kingdom Regular Cup
17%
cascade 2 Multi Moon Atop the Falls
17%
sand 7 On the Leaning Pillar
17%
cascade 5 On Top of the Rubble
17%
sand 5 Overlooking the Desert Town
17%
cloud 2 Peach in the Cloud Kingdom
17%
lake 33 Peach in the Lake Kingdom
17%
lost 25 Peach in the Lost Kingdom
17%
luncheon 56 Peach in the Luncheon Kingdom
17%
metro 66 Peach in the Metro Kingdom
17%
moon 26 Peach in the Moon Kingdom
17%
seaside 52 Peach in the Seaside Kingdom
17%
snow 37 Peach in the Snow Kingdom
17%
wooded 54 Peach in the Wooded Kingdom
17%
cloud 7 Picture Match: A Stellar Goomba!
17%
mushroom 24 Picture Match: A Stellar Mario!
17%
cloud 1 Picture Match: Basically a Goomba
17%
mushroom 23 Picture Match: Basically Mario
17%
cap 31 Precision Rolling
17%
sand 44 Sand Kingdom Slots
17%
sand 41 Sand Quiz: Wonderful!
17%
seaside 67 Seaside Kingdom Master Cup
17%
seaside 51 Seaside Kingdom Regular Cup
17%
seaside 49 Secret Path to Bubblaine!
17%
lake 26 Secret Path to Lake Lamode!
17%
mushroom 39 Secret Path to Peach's Castle!
17%
snow 33 Secret Path to Shiveria!
17%
bowser's 29 Shopping at Bowser's Castle
17%
moon 20 Shopping in Honeylune Ridge
17%
wooded 23 Shopping in Steam Gardens
17%
mushroom 20 Shopping Near Peach's Castle
17%
lost 21 Shopping on Forgotten Isle
17%
snow 51 Snow Kingdom Master Cup
17%
snow 35 Snow Kingdom Regular Cup
17%
cloud 9 The Sixth Face
17%
sand 17 Top of a Dune
17%
mushroom 33 Tussle in Tostarena: Rematch
17%
cap 20 Under the Big One's Brim
17%
sand 49 Under the Mummy's Curse
17%
cascade 15 Very Nice Shot with the Chain Chomp!
17%
sand 40 Wandering Cactus
17%
sand 39 Welcome Back, Jaxi!
17%
sand 16 Where the Birds Gather
17%
wooded 69 Wooded Kingdom Master Cup
17%
wooded 53 Wooded Kingdom Regular Cup
17%
mushroom 15 Yoshi's All Filled Up!
17%
mushroom 32 2D Boost from Bullet Bill
8%
cascade 7 Above a High Cliff
8%
sand 61 Above a Strange Neighborhood
8%
wooded 48 Above the Clouds
8%
mushroom 45 Achieve World Peace
8%
cascade 8 Across the Floating Isles
8%
cascade 39 Across the Gusty Bridges
8%
cascade 37 Across the Mysterious Clouds
8%
sand 6 Alcove in the Ruins
8%
sand 36 Among the Five Cactuses
8%
sand 75 An Invisible Gleam
8%
dark side 1 Arrival at Rabbit Ridge!
8%
mushroom 79 Art Enthusiast
8%
mushroom 80 Art Investigator
8%
snow 9 Atop a Blustery Arch
8%
cascade 38 Atop a Wall Among the Clouds
8%
luncheon 48 A Tourist in the Luncheon Kingdom!
8%
metro 52 A Tourist in the Metro Kingdom!
8%
moon 25 A Tourist in the Moon Kingdom!
8%
mushroom 40 A Tourist in the Mushroom Kingdom!
8%
wooded 33 A Treasure Made from Coins
8%
ruined 1 Battle with the Lord of Lightning!
8%
snow 7 Behind Snowy Mountain
8%
metro 26 Bench Friends
8%
sand 67 Binding Band Returned
8%
cap 25 Bird Traveling in the Fog
8%
mushroom 37 Blowup at Mount Volbono: Rematch
8%
seaside 15 Bonjour, Dorrie!
8%
cascade 26 Bottom of the Waterfall Basin
8%
seaside 19 Bubblaine Northern Reaches
8%
sand 19 Bullet Bill Breakthrough
8%
mushroom 59 Captain Toad Greeter
8%
snow 19 Captain Toad is Chilly!
8%
mushroom 58 Captain Toad Meeter
8%
dark side 2 Captain Toad on the Dark Side!
8%
mushroom 3 Caught Hopping at Peach's Castle!
8%
cascade 34 Caught Hopping at the Waterfall!
8%
sand 77 Caught Hopping in the Desert!
8%
cap 26 Caught Hopping Near the Ship!
8%
cascade 23 Caveman Cave-Fan
8%
metro 36 Celebrating in the Streets!
8%
mushroom 99 Checkpoint Flag Enthusiast
8%
mushroom 98 Checkpoint Flagger
8%
wooded 14 Climb the Cliff to Get the Nut
8%
sand 86 Colossal Ruins: Dash! Jump!
8%
mushroom 28 Courtyard Chest Trap
8%
sand 53 Dancing with New Friends
8%
cap 19 Danger Sign
8%
wooded 4 Defend the Secret Flower Field!
8%
sand 25 Desert Gardening: Plaza Seed
8%
sand 26 Desert Gardening: Ruins Seed
8%
sand 27 Desert Gardening: Seed on the Cliff
8%
cascade 12 Dinosaur Nest: Big Cleanup!
8%
cascade 13 Dinosaur Nest: Running Wild!
8%
metro 12 Dizzying Heights
8%
mushroom 35 Dust-Up in New Donk City: Rematch
8%
snow 50 Even More Walking on Ice!
8%
mushroom 95 Fashion Icon
8%
mushroom 94 Fashion Maven
8%
wooded 19 Fire in the Cave
8%
sand 34 Fishing in the Oasis
8%
mushroom 51 Flat Moon Fanatic
8%
mushroom 50 Flat Moon Finder
8%
mushroom 65 Flower-Growing Guru
8%
mushroom 66 Flower-Growing Sage
8%
cascade 40 Flying Far Away from Gusty Bridges
8%
cap 21 Fly to the Edge of the Fog
8%
mushroom 18 Forever Onward, Captain Toad!
8%
mushroom 10 Found at Peach's Castle! Good Dog!
8%
sand 31 Found in the Sand! Good Dog!
8%
seaside 29 Found on the Beach! Good Dog!
8%
metro 25 Free Parking: Rooftop Hop
8%
sand 89 Freezing Waterway: Hidden Room
8%
sand 12 From a Crate in the Ruins
8%
mushroom 63 Gaga for Goombette
8%
mushroom 5 Gardening for Toad: Field Seed
8%
mushroom 4 Gardening for Toad: Garden Seed
8%
mushroom 7 Gardening for Toad: Lake Seed
8%
mushroom 6 Gardening for Toad: Pasture Seed
8%
metro 10 Girder Sandwich
8%
mushroom 61 Globe-Trotting with Princess Peach
8%
mushroom 13 Gobbling Fruit with Yoshi
8%
luncheon 15 Golden Turnip Recipe 1
8%
luncheon 16 Golden Turnip Recipe 2
8%
luncheon 17 Golden Turnip Recipe 3
8%
sand 48 Goomba Tower Assembly
8%
mushroom 69 Ground Pound Instructor
8%
mushroom 70 Ground Pound Professor
8%
mushroom 8 Grow a Flower Garden
8%
cascade 30 Guarded by a Colossal Fossil
8%
sand 15 Hang Your Hat on the Fountain
8%
sand 65 Hat-and-Seek: In the Sand
8%
mushroom 42 Hat-and-Seek: Mushroom Kingdom
8%
mushroom 93 Hat Icon
8%
mushroom 92 Hat Maven
8%
mushroom 77 Hat-Seeking Missile
8%
mushroom 12 Herding Sheep at Peach's Castle
8%
cascade 17 Hidden Chasm Passage
8%
cap 23 Hidden in a Sunken Hat
8%
sand 8 Hidden Room in the Flowing Sands
8%
sand 46 Hidden Room in the Inverted Pyramid
8%
metro 24 How You Doin', Captain Toad?
8%
sand 50 Ice Cave Treasure
8%
snow 49 I Met a Snow Cheep Cheep!
8%
lost 23 I Met a Tropical Wiggler!
8%
snow 20 I'm Not Cold!
8%
sand 20 Inside a Block Is a Hard Place
8%
cascade 33 Inside the Busted Fossil
8%
sand 73 In the Skies Above the Canyon
8%
sand 72 Into the Flowing Sands
8%
sand 74 Island in the Poison Swamp
8%
sand 58 Jaxi Driver
8%
sand 38 Jaxi Reunion!
8%
sand 59 Jaxi Stunt Driving
8%
sand 85 Jump Onto the Transparent Lift
8%
cascade 27 Just a Hat, Skip, and a Jump
8%
bowser's 11 Knocking Down the Nice Frame
8%
mushroom 64 Lakitu Fishing Trip
8%
mushroom 100 Loaded with Coins
8%
mushroom 26 Loose-Tile Trackdown
8%
sand 18 Lost in the Luggage
8%
lost 24 Lost Kingdom Regular Cup
8%
mushroom 16 Love at Peach's Castle
8%
sand 81 Love at the Edge of the Desert
8%
lake 39 Love by the Lake
8%
luncheon 26 Luncheon Kingdom Slots
8%
wooded 27 Make the Secret Flower Field Bloom
8%
mushroom 62 Master Sheep Herder
8%
seaside 14 Merci, Dorrie!
8%
metro 28 Metro Kingdom Slots
8%
sand 70 Mighty Leap from the Palm Tree!
8%
mushroom 96 Moon Rock Liberator
8%
lake 12 Moon Shards in the Lake
8%
snow 15 Moon Shards in the Snow
8%
sand 82 More Walking in the Desert!
8%
metro 49 Motor Scooter: Escape!
8%
mushroom 78 Music Maestro
8%
moon 28 Mysterious Flying Object
8%
metro 1 New Donk City's Pest Problem
8%
cap 18 Next to Glasses Bridge
8%
cascade 29 Next to the Stone Arch
8%
mushroom 55 Note-Collecting Space Tour
8%
mushroom 54 Note-Collecting World Tour
8%
sand 76 On the Eastern Pillar
8%
sand 13 On the Lone Pillar
8%
sand 71 On the North Pillar
8%
sand 14 On the Statue's Tail
8%
sand 11 On Top of the Stone Archway
8%
cascade 16 Past the Chasm Lifts
8%
bowser's 44 Peach in Bowser's Kingdom
8%
ruined 5 Peach in the Ruined Kingdom
8%
Mushroom 1 Perched on the Castle Roof
8%
mushroom 2 Pops Out of the Tail
8%
sand 78 Poster Cleanup
8%
mushroom 46 Power Moon Knight
8%
mushroom 48 Power Moon Ruler
8%
mushroom 47 Power Moon Wizard
8%
mushroom 43 Princess Peach, Home Again!
8%
mushroom 85 Quizmaster
8%
mushroom 68 Racing with Rabbits
8%
mushroom 71 Rad Hatter
8%
mushroom 49 Regional Coin Shopper
8%
mushroom 44 Rescue Princess Peach
8%
mushroom 101 Rolling in Coins
8%
cascade 20 Rolling Rock by the Falls
8%
cap 30 Roll On and On
8%
sand 68 Round-the-World Tourist
8%
mushroom 38 Rumble in Crumbleden: Rematch
8%
mushroom 67 Running with Rabbits
8%
sand 10 Secret of the Inverted Mural
8%
sand 9 Secret of the Mural
8%
bowser's 43 Secret Path to Bowser's Castle!
8%
luncheon 47 Secret Path to Mount Volbono!
8%
metro 51 Secret Path to New Donk City!
8%
wooded 49 Secret Path to the Steam Gardens!
8%
metro 35 Sewer Treasure
8%
seaside 11 Shh! It's a Shortcut!
8%
sand 3 Showdown on the Inverted Pyramid
8%
sand 87 Sinking Colossal Ruins: Hurry!
8%
sand 55 Skull Sign in the Transparent Maze
8%
mushroom 81 Slots Machine
8%
snow 23 Snowline Circuit Class S
8%
mushroom 86 Souvenir Sampler
8%
mushroom 88 Souvenir Savant
8%
mushroom 87 Souvenir Sleuth
8%
sand 51 Sphynx's Treasure Vault
8%
cascade 25 Sphynx Traveling to the Waterfall
8%
sand 60 Strange Neighborhood
8%
wooded 25 Stretching Your Legs
8%
mushroom 34 Struggle in Steam Gardens: Rematch
8%
mushroom 30 Sunken Star in the Sea of Clouds
8%
mushroom 84 Supernaturally Sure-Footed
8%
mushroom 72 Super Rad Hatter
8%
mushroom 53 Super Treasure Chest Hunter
8%
metro 9 Swaying in the Breeze
8%
mushroom 102 Swimming in Coins
8%
mushroom 11 Taking Notes: Around the Well
8%
cascade 35 Taking Notes: Hurry Upward
8%
cap 27 Taking Notes: In the Fog
8%
sand 80 Taking Notes: In the Wall Painting
8%
sand 32 Taking Notes: Jump on the Palm
8%
sand 79 Taking Notes: Running Down
8%
wooded 68 Taking Notes: Stretching
8%
cloud 6 Taking Notes: Up and Down
8%
cap 13 Taxi Flying Through Bonneton
8%
seaside 18 The Back Canyon: Excavate!
8%
snow 5 The Bound Bowl Grand Prix
8%
luncheon 1 The Broodals Are After Some Cookin'
8%
sand 56 The Bullet Bill Maze: Break Through!
8%
sand 57 The Bullet Bill Maze: Side Path
8%
cap 12 The Forgotten Treasure
8%
snow 3 The Gusty Barrier
8%
sand 4 The Hole in the Desert
8%
seaside 3 The Hot Spring Seal
8%
sand 54 The Invisible Maze
8%
seaside 2 The Lighthouse Seal
8%
sand 23 The Lurker Under the Stone
8%
wooded 16 The Nut at the Dead End
8%
wooded 15 The Nut in the Red Maze
8%
wooded 13 The Nut 'Round the Corner
8%
snow 4 The Snowy Mountain Barrier
8%
sand 24 The Treasure of Jaxi Ruins
8%
sand 88 Through the Freezing Waterway
8%
mushroom 56 Timer Challenge Amateur
8%
mushroom 57 Timer Challenge Professional
8%
mushroom 17 Toad Defender
8%
mushroom 27 Totally Classic!
8%
mushroom 60 Touring with Princess Peach
8%
mushroom 73 Traveling-Bird Herder
8%
mushroom 52 Treasure Chest Hunter
8%
cascade 6 Treasure of the Waterfall Basin
8%
cascade 28 Treasure Under the Cliff
8%
metro 5 Trumpeter on Board!
8%
seaside 16 Under a Dangerous Ceiling
8%
sand 47 Underground Treasure Chest
8%
cascade 32 Under the Ground
8%
cascade 31 Under the Old Electrical Pole
8%
snow 22 Walking on Ice!
8%
sand 45 Walking the Desert!
8%
mushroom 75 Wearing It Great!
8%
mushroom 76 Wearing It Perfect!
8%
mushroom 74 Wearing It Well!
8%
seaside 17 What the Waves Left Behind
8%
sand 84 Where the Transparent Platforms End
8%
mushroom 97 World Warper
8%
seaside 20 Wriggling on the Sandy Bottom
8%
mushroom 29 Yoshi's Feast in the Sea of Clouds
8%
mushroom 14 Yoshi's Second Helping!
8%
dark side 9 Yoshi Under Siege
8%
sand 37 You're Quite a Catch, Captain Toad!
8%
snow 39 Above the Freezing Fish Pond
0%
wooded 60 Above the Iron Mountain Path
0%
seaside 53 Above the Parasol: Catch!
0%
bowser's 10 Above the Poison Swamp
0%
lost 12 A Butterfly's Treasure
0%
seaside 55 A Fine Detail on the Glass
0%
lost 33 Aglow in the Jungle
0%
seaside 68 Aim! Poke!
0%
luncheon 29 Alcove Behind the Pillars of Magma
0%
seaside 59 A Light Next to the Lighthouse
0%
luncheon 22 All the Cracks Are Fixed
0%
moon 2 Along the Cliff Face
0%
luncheon 28 An Extreme Simmer
0%
lost 10 A Propeller Pillar's Secret
0%
seaside 42 A Relaxing Dance
0%
metro 57 A Request from the Mayor
0%
moon 11 Around the Barrier Wall
0%
seaside 41 A Rumble on the Seaside Floor
0%
bowser's 42 A Rumble Under the Arena Floor
0%
luncheon 27 A Strong Simmer
0%
lake 20 A Successful Repair Job
0%
moon 38 A Swing on Top of a Swing
0%
luncheon 10 Atop a Column in a Row
0%
lost 1 Atop a Propeller Pillar
0%
luncheon 8 Atop the Jutting Crag
0%
wooded 10 Atop the Tall Tree
0%
seaside 61 At the Base of the Lighthouse
0%
lost 6 Avoiding Fuzzies Inside the Wall
0%
wooded 6 Back Way Up the Mountain
0%
seaside 37 Beach Volleyball: Champ
0%
seaside 38 Beach Volleyball: Hero of the Beach!
0%
bowser's 5 Behind the Big Wall
0%
lake 34 Behind the Floodgate
0%
wooded 5 Behind the Rock Wall
0%
bowser's 46 Behind the Tall Wall: Poke, Poke!
0%
wooded 76 Below Breakdown Road
0%
lost 2 Below the Cliff's Edge
0%
luncheon 21 Beneath the Rolling Vegetables
0%
wooded 34 Beneath the Roots of the Moving Tree
0%
metro 50 Big Jump: Escape!
0%
luncheon 3 Big Pot on the Volcano: Dive In!
0%
metro 54 Bird Traveling in the City
0%
metro 70 Bird Traveling in the Park
0%
lake 38 Bird Traveling Over the Lake
0%
seaside 62 Bird Traveling Over the Ocean
0%
wooded 62 Bird Traveling the Forest
0%
snow 28 Blowing and Sliding
0%
luncheon 33 Bon Appétit, Captain Toad!
0%
cap 14 Bonnetor Blockade
0%
bowser's 30 Bowser's Castle Treasure Vault
0%
dark side 4 Breakdown Road: Final Challenge!
0%
dark side 3 Breakdown Road: Hurry!
0%
metro 47 Bullet Billding
0%
wooded 31 By the Babbling Brook in Deep Woods
0%
luncheon 61 By the Cannon Pointed at the Big Pot
0%
mushroom 90 Capturing Apprentince
0%
seaside 63 Caught Hopping at Glass Palace!
0%
luncheon 35 Caught Hopping at the Volcano!
0%
lost 13 Caught Hopping in the Jungle!
0%
snow 10 Caught Hopping in the Snow!
0%
metro 17 Caught Hopping on a Building!
0%
moon 5 Caught Hopping on the Moon!
0%
ruined 6 Caught on a Big Horn
0%
bowser's 48 Caught on the Giant Horn
0%
bowser's 12 Caught on the Iron Fence
0%
lost 14 Cave Gardening
0%
bowser's 60 Center of Hexagon Tower
0%
moon 35 Center of the Galaxy
0%
ruined 9 Charging Through an Army
0%
lost 34 Chasing Klepto
0%
lake 3 Cheep Cheep Crossing
0%
metro 21 City Gardening: Building Planter
0%
metro 22 City Gardening: Plaza Planter
0%
metro 23 City Gardening: Rooftop Planter
0%
metro 34 City Hall Lost & Found
0%
moon 6 Cliffside Treasure Chest
0%
luncheon 44 Climb the Cheese Rocks
0%
bowser's 61 Climb the Wooden Tower
0%
luncheon 4 Climb Up the Cascading Magma
0%
luncheon 5 Cookatiel Showdown!
0%
luncheon 38 Corner of the Magma Swamp
0%
wooded 17 Cracked Nut on a Crumbling Tower
0%
metro 68 Crossing Lines
0%
cloud 5 Crossing the Cloud Sea
0%
luncheon 40 Crossing to the Magma
0%
snow 25 Dashing Above and Beyond!
0%
bowser's 37 Dashing Above the Clouds
0%
snow 24 Dashing Over Cold Water!
0%
bowser's 38 Dashing Through the Clouds
0%
lake 36 Deep, Deep Down
0%
snow 44 Deep in the Cold, Cold Water
0%
wooded 35 Deep Woods Treasure Trap
0%
cloud 3 Digging in the...Cloud?
0%
luncheon 53 Diving from the Big Pot!
0%
moon 23 Doctor in the House
0%
lake 2 Dorrie-Back Rider
0%
wooded 75 Down and Back Breakdown Road
0%
bowser's 34 Down and Up the Spinning Tower
0%
metro 65 Down Inside the Big Screen
0%
moon 36 Edge of the Galaxy
0%
wooded 46 Elevator Blind Spot
0%
wooded 45 Elevator Escalation
0%
lake 4 End of the Hidden Passage
0%
lost 8 Enjoying the View of Forgotten Isle
0%
snow 6 Entrance to Shiveria
0%
luncheon 43 Excavate 'n' Search the Cheese Rocks
0%
wooded 36 Exploring for Treasure
0%
bowser's 16 Exterminate the Ogres!
0%
lost 35 Extremely Hot Bath
0%
bowser's 27 Fishing(?) in Bowser's Castle
0%
snow 17 Fishing in the Glacier!
0%
wooded 39 Flooding Pipeway
0%
wooded 40 Flooding Pipeway Ceiling Secret
0%
wooded 44 Flower Road Reach
0%
wooded 43 Flower Road Run
0%
wooded 2 Flower Thieves of Sky Garden
0%
luncheon 68 Flying Over the Lava Islands
0%
seaside 45 Fly Through the Narrow Valley
0%
moon 13 Fly to the Treasure Chest and Back
0%
cap 24 Fog-Shrouded Platform
0%
snow 42 Forgotten in the Holding Room
0%
luncheon 42 Fork Flickin' Detour
0%
luncheon 41 Fork Flickin' to the Summit
0%
bowser's 26 Found Behind Bars!
0%
metro 72 Found in the Park! Good Dog!
0%
moon 16 Found on the Moon, Good Dog!
0%
snow 27 Freezing Water Near the Ceiling
0%
luncheon 60 From a Crack in the Hard Ground
0%
bowser's 47 From Crates in the Moat
0%
luncheon 57 From Inside a Bright Stone
0%
lake 7 From the Broken Pillar
0%
bowser's 7 From the Side Above the Castle Gate
0%
dark side 14 Fruit Feast in the Magma Swamp!
0%
dark side 12 Fruit Feast on the Sinking Island
0%
dark side 10 Fruit Feast Under Siege
0%
metro 81 Full-Throttle Scooting!
0%
seaside 12 Gap in the Ocean Trench
0%
lost 20 Get Some Rest, Captain Toad
0%
seaside 21 Glass Palace Treasure Chest
0%
metro 11 Glittering Above the Pool
0%
wooded 29 Glowing in the Deep Woods
0%
seaside 34 Good Job, Captain Toad!
0%
bowser's 28 Good to See You, Captain Toad!
0%
metro 67 Hanging Between Buildings
0%
metro 45 Hanging from a High-Rise
0%
luncheon 54 Hat-and-Seek: Among the Food
0%
metro 62 Hat-and-Seek: In the City
0%
metro 75 Hat-and-Seek: In the Crowd
0%
snow 36 Hat-and-Seek in the Snow
0%
wooded 73 Herding Sheep Above the Forest Fog
0%
wooded 74 Herding Sheep on the Iron Bridge
0%
wooded 20 Hey Out There, Captain Toad!
0%
bowser's 20 Hidden Corridor Under the Floor
0%
metro 15 Hidden in the Scrap
0%
moon 29 Hidden on the Side of the Cliff
0%
snow 32 High-Altitude Spinning
0%
lake 35 High-Flying Leap
0%
cloud 4 High, High Above the Clouds
0%
metro 38 High Over the Crowd
0%
wooded 55 High Up in the Cave
0%
wooded 58 High Up on a Rock Wall
0%
wooded 64 Hot, Hot, Hot from the Campfire
0%
metro 18 How Do They Take Out the Trash?
0%
seaside 47 Hurry and Stretch
0%
snow 18 Ice-Dodging Goomba Stack
0%
snow 40 Ice Floe Swimming
0%
snow 41 Icy Jump Challenge
0%
lake 21 I Feel Underdressed
0%
lake 16 I Met a Lake Cheep Cheep!
0%
moon 10 In a Hole in the Magma
0%
bowser's 1 Infiltrate Bowser's Castle!
0%
bowser's 49 Inside a Block at the Gate
0%
bowser's 14 Inside a Block in the Castle
0%
metro 8 Inside an Iron Girder
0%
wooded 22 Inside a Rock in the Forest
0%
lost 7 Inside the Rising Stone Pillar
0%
metro 43 Inside the Rotating Maze
0%
lost 3 Inside the Stone Cage
0%
ruined 2 In the Ancient Treasure Chest
0%
bowser's 51 Invader in Bowser's Castle
0%
wooded 63 Invader in the Sky Garden
0%
wooded 71 Invisible Road: Danger!
0%
wooded 72 Invisible Road: Hidden Room
0%
dark side 5 Invisible Road: Rush!
0%
dark side 6 Invisible Road: Secret!
0%
luncheon 12 Island of Salt Floating in the Lava
0%
luncheon 9 Is This an Ingredient Too?!
0%
snow 43 It Popped Out of the Ice
0%
luncheon 51 Jammin' in the Luncheon Kingdom
0%
bowser's 24 Jizo All in a Row
0%
bowser's 36 Jizo and the Hidden Room
0%
bowser's 35 Jizo's Big Adventure
0%
lost 27 Jump Down to the Top of a Tree
0%
lake 25 Jump, Grab, and Climb Some More
0%
lake 24 Jump, Grab, Cling, and Climb
0%
bowser's 52 Jumping from Flag to Flag
0%
moon 30 Jumping High as a Frog
0%
snow 26 Jump 'n' Swim in the Freezing Water
0%
metro 30 Jump-Rope Genius
0%
metro 29 Jump-Rope Hero
0%
cloud 8 King of the Cube!
0%
lake 15 Lake Fishing
0%
lake 9 Lake Gardening: Spiky Passage Seed
0%
luncheon 64 Lanterns on the Gear Steps
0%
metro 16 Left at the Café?
0%
lake 18 Let's Go Swimming, Captain Toad!
0%
seaside 33 Lighthouse Leaper
0%
luncheon 32 Light the Far-Off Lanterns
0%
luncheon 14 Light the Lantern on the Small Island
0%
luncheon 31 Light the Two Flames
0%
lost 28 Line It Up, Blow It Up
0%
seaside 39 Looking Back in the Dark Waterway
0%
snow 55 Looking Back on the Flower Road
0%
wooded 57 Looking Down on the Goombas
0%
wooded 56 Lost in the Tall Trees
0%
luncheon 24 Love Above the Lava
0%
seaside 32 Love by the Seaside
0%
wooded 21 Love in the Forest Ruins
0%
luncheon 7 Lurking in the Pillar's Shadow
0%
luncheon 39 Magma Narrow Path
0%
luncheon 37 Magma Swamp: Floating and Sinking
0%
metro 55 Mario Signs His Name
0%
luncheon 52 Mechanic: Repairs Complete!
0%
moon 18 Moon Quiz: Amazing!
0%
snow 29 Moon Shards in the Cold Room
0%
wooded 66 Moon Shards in the Forest
0%
lost 15 Moon Shards in the Jungle
0%
seaside 30 Moon Shards in the Sea
0%
moon 17 Moon Shards on the Moon
0%
metro 41 Moon Shards Under Siege
0%
metro 80 Motor Scooter Daredevil!
0%
moon 37 Navigating Giant Swings
0%
wooded 42 Nut Hidden in the Fog
0%
wooded 24 Nut Planted in the Tower
0%
seaside 9 Ocean-Bottom Maze: Hidden Room
0%
seaside 8 Ocean-Bottom Maze: Treasure
0%
seaside 35 Ocean Quiz: Good!
0%
metro 40 Off the Beaten Wire
0%
lost 4 On a Tree in the Swamp
0%
metro 48 One Man's Trash...
0%
seaside 6 On the Cliff Overlooking the Beach
0%
bowser's 13 On the Giant Bowser Statue's Nose
0%
lake 6 On the Lakeshore
0%
lost 9 On the Mountain Road
0%
luncheon 59 On Top of a Tall, Tall Roof
0%
moon 12 On Top of the Cannon
0%
bowser's 33 On Top of the Spinning Tower
0%
lake 17 Our Secret Little Room
0%
metro 69 Out of a Crate in the City
0%
metro 44 Outside the Rotating Maze
0%
luncheon 13 Overlooking a Bunch of Ingredients
0%
wooded 12 Over the Cliff's Edge
0%
lost 5 Over the Fuzzies, Above the Swamp
0%
bowser's 9 Past the Moving Wall
0%
wooded 30 Past the Peculiar Pipes
0%
wooded 3 Path to the Secret Flower Field
0%
lost 16 Peeking Out from Under the Bridge
0%
luncheon 6 Piled on the Salt
0%
seaside 69 Poke! Roll!
0%
bowser's 62 Poke the Wooden Tower
0%
bowser's 22 Poking the Turret Wall
0%
bowser's 23 Poking Your Nose by the Great Gate
0%
bowser's 21 Poking Your Nose in the Plaster Wall
0%
metro 63 Powering Up the Power Plant
0%
metro 6 Powering Up the Station
0%
metro 37 Pushing Through the Crowd
0%
seaside 58 Rapid Ascent on Hot Spring Island
0%
metro 73 RC Car Champ!
0%
metro 32 RC Car Pro!
0%
metro 77 Reaching Pitchblack Island
0%
metro 31 Remotely Captured Car
0%
metro 39 Rewiring the Neighborhood
0%
seaside 7 Ride the Jetstream
0%
wooded 1 Road to Sky Garden
0%
wooded 28 Rolling Rock in the Deep Woods
0%
wooded 7 Rolling Rock in the Woods
0%
ruined 8 Rolling Rock on the Battlefield
0%
moon 4 Rolling Rock on the Moon
0%
lake 37 Rooftop of the Water Plaza
0%
ruined 3 Roulette Tower: Climbed
0%
ruined 4 Roulette Tower: Stopped
0%
snow 54 Running the Flower Road
0%
metro 76 Scaling Pitchblack Mountain
0%
bowser's 31 Scene of Crossing the Poison Swamp
0%
seaside 24 Sea Gardening: Canyon Seed
0%
seaside 25 Sea Gardening: Hot-Spring Seed
0%
seaside 23 Sea Gardening: Inlet Seed
0%
seaside 26 Sea Gardening: Ocean Trench Seed
0%
bowser's 59 Searching Hexagon Tower
0%
mushroom 31 Secert 2D Treasure
0%
cascade 18 Secert Path to Fossil Falls!
0%
cap 11 Secerts of the Frog Pond
0%
metro 13 Secret Girder Tunnel!
0%
metro 42 Sharpshooting Under Siege
0%
moon 1 Shining Above the Moon
0%
snow 8 Shining in the Snow in Town
0%
snow 38 Shining on High
0%
bowser's 4 Showdown at Bowser's Castle
0%
cap 6 Skimming the Poisen Tide
0%
snow 30 Slip Behind the Ice
0%
cap 7 Slipping Through the Poisen Tide
0%
seaside 13 Slip Through the Nesting Spot
0%
bowser's 50 Small Bird in Bowser's Castle
0%
bowser's 2 Smart Bombing
0%
moon 15 Sneaking Around in the Crater
0%
lost 18 Soaring Over Forgotten Isle!
0%
lake 30 Space Is "In" Right Now
0%
metro 59 Sphynx in the City
0%
bowser's 39 Sphynx Over Bowser's Castle
0%
moon 24 Sphynx's Hidden Vault
0%
snow 31 Spinning Above the Clouds
0%
luncheon 45 Spinning Athletics End Goal
0%
wooded 26 Spinning-Platforms Treasure
0%
snow 46 Squirming Under Ice
0%
snow 48 Stacked-Up Ice Climb
0%
bowser's 19 Stack Up Above the Wall
0%
luncheon 63 Stepping Over the Gears
0%
bowser's 57 Stone Wall Circuit
0%
lost 32 Stretch and Traverse the Jungle
0%
seaside 48 Stretch on the Side Path
0%
seaside 44 Sunken Treasure in the Cloud Sea
0%
bowser's 8 Sunken Treasure in the Moat
0%
lake 23 Super-Secret Zipper
0%
metro 56 Surprise Clown!
0%
luncheon 11 Surrounded by Tall Mountains
0%
wooded 51 Swing Around Secret Flower Field
0%
metro 79 Swinging Scaffolding: Break!
0%
metro 78 Swinging Scaffolding: Jump!
0%
bowser's 18 Taking Notes: Between Spinies
0%
luncheon 36 Taking Notes: Big Pot Swim
0%
lake 13 Taking Notes: Dive and Swim
0%
moon 34 Taking Notes: In Low Gravity
0%
lake 14 Taking Notes: In the Cliffside
0%
bowser's 32 Taking Notes: In the Folding Screen
0%
metro 33 Taking Notes: In the Private Room
0%
seaside 66 Taking Notes in the Sea
0%
seaside 65 Taking Notes: Ocean-Bottom Maze
0%
seaside 31 Taking Notes: Ocean Surface Dash
0%
moon 8 Taking Notes: On the Moon's Surface
0%
bowser's 54 Taking Notes: On the Wall
0%
wooded 67 Taking Notes: On Top of the Wall
0%
snow 16 Taking Notes: Snow Path Dash
0%
luncheon 46 Taking Notes: Spinning Athletics
0%
lost 29 Taking Notes: Stretch and Shrink
0%
luncheon 23 Taking Notes: Swimming in Magma
0%
bowser's 55 Taking Notes with a Spinning Throw
0%
lost 22 Taxi Flying Through Forgotten Isle
0%
lake 28 Taxi Flying Through Lake Lamode
0%
moon 19 Thanks, Captain Toad!
0%
wooded 9 Thanks for the Charge!
0%
lake 31 That "Old West" Style
0%
lake 29 That Trendy "Pirate" Look
0%
lost 19 The Caged Gold
0%
seaside 5 The Glass Is Half Full!
0%
wooded 32 The Hard Rock in Deep Woods
0%
snow 2 The Ice Wall Barrier
0%
snow 1 The Icicle Barrier
0%
ruined 10 The Mummy Army's Curse
0%
wooded 59 The Nut in the Robot Storeroom
0%
wooded 18 The Nut that Grew on the Tall Fence
0%
wooded 61 The Nut Under the Observation Deck
0%
luncheon 50 The Rooftop Lantern
0%
seaside 4 The Seal Above the Canyon
0%
lost 26 The Shining Fruit
0%
snow 11 The Shiverian Treasure Chest
0%
seaside 40 The Sphynx's Underwater Vault
0%
seaside 71 The Spinning Maze: Open!
0%
seaside 70 The Spinning Maze: Search!
0%
seaside 1 The Stone Pillar Seal
0%
seaside 60 The Tall Rock Shelf in the Deep Ocean
0%
moon 3 The Tip of a White Spire
0%
luncheon 34 The Treasure Chest in the Veggies
0%
bowser's 56 Third Courtyard Outskirts
0%
luncheon 30 Treasure Beneath the Cheese Rocks
0%
seaside 46 Treasure Chest in the Narrow Valley
0%
bowser's 6 Treasure Inside the Turret
0%
snow 12 Treasure in the Ice Wall
0%
lake 8 Treasure in the Spiky Waterway
0%
luncheon 67 Treasure of the Lava Islands
0%
seaside 22 Treasure Trap Hidden in the Inlet
0%
wooded 11 Tucked Away Inside the Tunnel
0%
lost 17 Twist 'n' Turn-Up Treasure
0%
bowser's 25 Underground Jizo
0%
moon 9 Under the Bowser Statue
0%
luncheon 2 Under the Cheese Rocks
0%
luncheon 58 Under the Meat Plateau
0%
seaside 57 Underwater Highway East: Explore!
0%
seaside 10 Underwater Highway Tunnel
0%
seaside 56 Underwater Highway West: Explore!
0%
lake 22 Unzip the Chasm
0%
moon 14 Up in the Rafters
0%
metro 64 Up on the Big Screen
0%
ruined 7 Upon the Broken Arch
0%
dark side 8 Vanishing Road Challenge
0%
dark side 7 Vanishing Road Rush
0%
metro 46 Vaulting up a High-Rise
0%
luncheon 66 Volcano Cave and Mysterious Clouds
0%
luncheon 65 Volcano Cave Cruisin'
0%
seaside 43 Wading in the Cloud Sea
0%
wooded 47 Walking on Clouds
0%
moon 21 Walking on the Moon!
0%
moon 32 Walking on the Moon: Again!
0%
wooded 41 Wandering in the Fog
0%
snow 45 Water Pooling in the Crevasse
0%
lake 41 Waves of Poison: Hoppin' Over
0%
lake 42 Waves of Poison: Hop to It!
0%
seaside 54 What Shines Inside the Glass
0%
lake 5 What's in the Box?
0%
metro 14 Who Piled Garbage on This?
0%
lost 11 Wrecked Rock Block
0%
dark side 11 Yoshi on the Sinking Island
0%
dark side 13 Yoshi's Magma Swamp
0%
No matching quizzes found
Score Distribution
Percent of People with Each Score
Percentile by Number Answered
Your Score History
You have not taken this quiz